| 000 | 00427nam a2200145Ia 4500 | ||
|---|---|---|---|
| 008 | 220217s9999||||xx |||||||||||||| ||und|| | ||
| 020 | _a9788131761090 | ||
| 082 | _a658.403 8 | ||
| 100 | _aTurban, Efraim and others | ||
| 245 | 0 | _aDecision Support and Business Intelligence Systems | |
| 250 | _a9 | ||
| 260 |
_aPearson education _bNew Delhi _c2011 |
||
| 300 |
_axxii;696 _b599 |
||
| 650 | _aMANAGEMENT INFORMATION SYSTEM | ||
| 999 |
_c183113 _d183113 |
||